[Inovatívne koncepty vo verejnej správe]
Recenzované príspevky zachytávajúce strategické a finančné plánovanie, ekonomizáciu, informatizáciu, benchmarking a manažment, ako aj využívanie územia na rozvoj a podporu inovácií, v rámci verejnej správy a samosprávy.
Gespeichert in:
| 1. Verfasser: | |
|---|---|
| Format: | Buchkapitel |
| Sprache: | Slowakisch |
| Schlagworte: | |
| Tags: |
Keine Tags, Fügen Sie das erste Tag hinzu!
|
MARC
| LEADER | 00000nla$a2200000$$$4500 | ||
|---|---|---|---|
| 001 | 0145390 | ||
| 005 | 20240502072620.8 | ||
| 041 | 0 | |a slo | |
| 044 | |a SK | ||
| 245 | 1 | 0 | |a [Inovatívne koncepty vo verejnej správe] |c Alžbeta Ivaničková |
| 520 | |a Recenzované príspevky zachytávajúce strategické a finančné plánovanie, ekonomizáciu, informatizáciu, benchmarking a manažment, ako aj využívanie územia na rozvoj a podporu inovácií, v rámci verejnej správy a samosprávy. | ||
| 610 | 2 | 0 | |a recenzie |
| 610 | 2 | 0 | |a správa verejná |
| 610 | 2 | 0 | |a manažment verejnej správy |
| 610 | 2 | 0 | |a plánovanie finančné |
| 610 | 2 | 0 | |a rozvoj územný |
| 610 | 2 | 0 | |a benchmarking |
| 100 | 1 | |a Ivaničková, Alžbeta | |